Ballons d'or - Mort Subite - Statistiques

Statistiques générales
  • Ce quiz a été pris 446 fois
  • Le résultat moyen est 13 sur 22
Answers on the Grid
Answers color-coded by a green-red scale on the quiz's grid according to % correct below.
Stanley Mattews
Lev Yachine
Paolo Rossi
Jean-Pierre Papin
George Weah
Michael Owen
Luis Figo
Kaká
Pavel Nedvěd
Rodri
Ronaldinho
Allan Simonsen
Andriy Chevtchenko
Ruud Gullit
Lothar Matthäus
Roberto Baggio
Luis Suárez
Raymond Kopa
Bobby Charlton
Marco van Basten
Xavi Hernandez
Steven Gerrard
Thierry Henry
Zlatan Ibrahimović
Iker Casillas
Cafú
Johan Cruyff
Igor Belanov
Paolo Maldini
Roberto Carlos
Andrea Pirlo
Andrés Iniesta
 
Statistiques - réponses
Réponse % Correct
Ronaldinho
79%
Kaká
78%
Rodri
77%
Johan Cruyff
75%
Jean-Pierre Papin
72%
George Weah
68%
Lev Yachine
68%
Luis Figo
67%
Marco van Basten
66%
Pavel Nedvěd
66%
Andriy Chevtchenko
64%
Michael Owen
61%
Raymond Kopa
61%
Lothar Matthäus
60%
Ruud Gullit
60%
Bobby Charlton
57%
Roberto Baggio
56%
Stanley Mattews
46%
Allan Simonsen
44%
Igor Belanov
44%
Paolo Rossi
43%
Luis Suárez
33%
Aucun quiz correspondant
Distribution des résultats
% des personnes avec chaque résultat
Percentile par nombre de réponses
Votre historique - résultats
Vous n’avez pas pris ce quiz